Manchester United Squad 23/24 - Statistics

General Stats
  • This quiz has been taken 208 times
    172 since last reset
  • The average score is 25 of 30
Answer Stats
# Nation Former Club Answer % Correct
24 Cameroon Inter Andre Onana
95%
10 England Youth Marcus Rashford
95%
8 Portugal Sporting Lisbon Bruno Fernandes
94%
5 England Leicester City Harry Maguire
94%
19 France Real Madrid Raphael Varane
93%
18 Brazil Real Madrid Casemiro
92%
14 Denmark Brentford Christian Eriksen
92%
6 Argentina Ajax Lisandro Martinez
92%
2 Sweden Benfica Victor Lindelof
92%
21 Brazil Ajax Antony
91%
49 Argentina Youth Alejandro Garnacho
87%
9 France AS Monaco Anthony Martial
87%
20 Portugal FC Porto Diogo Dalot
86%
25 England Dortmund Jadon Sancho
86%
7 England Chelsea Mason Mount
86%
39 Scotland Youth Scott McTominay
83%
23 England Southampton Luke Shaw
82%
- Morocco Fiorentina Sofyan Amrabat
81%
27 Northern Ireland Leicester City Jonny Evans
80%
- Denmark Atalanta Rasmus Hojlund
80%
29 England Crystal Palace Aaron Wan-Bissaka
79%
3 Ivory Coast Villarreal Eric Bailly
78%
12 Netherlands Feyenoord Tyrell Malacia
77%
28 Uruguay Penarol Facundo Pellistri
73%
1 Turkey Fenerbahce Altay Bayindir
71%
16 Ivory Coast Atalanta Amad Diallo
71%
34 Netherlands Ajax Donny van de Beek
71%
- Spain Spurs Sergio Reguilon
70%
46 Tunisia Youth Hannibal Mejbri
62%
22 England Aston Villa Tom Heaton
53%
No matching quizzes found
Score Distribution
Percent of People with Each Score
Percentile by Number Answered
Your Score History
You have not taken this quiz since the last reset